000
00261nam a2200097Ia 4500
001
800425
005
20250826171019.0
008
250824s9999 xx 000 0 und d
245
0
_a
VAY BAŞIMA GELENLER
_c
ŞEBNEM GÜLER KARACAN
260
_b
UĞUR BÖCEĞİ YAYINLARI
999
_c
800425
_d
800425